BIBLIOTECA

SENCICO

Manual de clasificación documental / (Registro nro. 107)

Detalles MARC
000 -LEADER
fixed length control field 01668nam a2200289Ia 4500
003 - CONTROL NUMBER IDENTIFIER
control field PE SENCICO BE
005 - DATE AND TIME OF LATEST TRANSACTION
control field 20251020182426.0
008 - FIXED-LENGTH DATA ELEMENTS--GENERAL INFORMATION
fixed length control field 200515s9999 xx 000 0 und d
020 ## - INTERNATIONAL STANDARD BOOK NUMBER
International Standard Book Number 84-7738-510-6
040 ## - CATALOGING SOURCE
Original cataloging agency PE SENCICO BE
Transcribing agency PE SENCICO BE
041 ## - LANGUAGE CODE
Language code of text/sound track or separate title spa
082 ## - DEWEY DECIMAL CLASSIFICATION NUMBER
Classification number 025.43
Item number M
245 10 - TITLE STATEMENT
Title Manual de clasificación documental /
Statement of responsibility, etc. María Pinto ; editora
250 ## - EDITION STATEMENT
Edition statement [1a ed.]
260 ## - PUBLICATION, DISTRIBUTION, ETC.
Place of publication, distribution, etc. Madrid :
Name of publisher, distributor, etc. Síntesis ;
Date of publication, distribution, etc. 1999
300 ## - PHYSICAL DESCRIPTION
Extent 299 p. :
Other physical details tbl. ;
Dimensions 23 cm.
490 ## - SERIES STATEMENT
Series statement Biblioteconomía y Documentación
504 ## - BIBLIOGRAPHY, ETC. NOTE
Bibliography, etc. note Bibliografía: p. [289] - 292.
505 0# - FORMATTED CONTENTS NOTE
Formatted contents note Fundamentos epistemológicos de la clasificación documental -- Hacia una teoría integradora de la clasificación documental -- Enfoque sistémico de la clasificación documental -- Sistemas y lenguajes de claisificación -- Los lenguajes de clasificación documental -- Metodología de la operación de clasificar -- Construcción y mantenimiento de clasificaciones documentales -- Estructura de la clasificación decimal universal -- Introducción al uso práctico de la CDU -- Clasificación y recuperación de información.
520 3# - SUMMARY, ETC.
Summary, etc. Plantea con minuciosidad el enfoque epistemológico de la clasificación a través de 3 capítulos, en el primero, dedicado a fundamentos epistemológicos de la clasificación documental, en el capítulo sobre la teoría integradora de la clasificación documental.
650 10 - SUBJECT ADDED ENTRY--TOPICAL TERM
Topical term or geographic name entry element Clasificación bibliográfica
9 (RLIN) 2235
650 20 - SUBJECT ADDED ENTRY--TOPICAL TERM
Topical term or geographic name entry element Bibliotecología
9 (RLIN) 2217
650 20 - SUBJECT ADDED ENTRY--TOPICAL TERM
Topical term or geographic name entry element Clasificación decimal universal
9 (RLIN) 2239
650 20 - SUBJECT ADDED ENTRY--TOPICAL TERM
Topical term or geographic name entry element Procesamiento de la información
9 (RLIN) 2181
700 1# - ADDED ENTRY--PERSONAL NAME
9 (RLIN) 2240
Personal name Pinto, María
Relator term editora
942 ## - ADDED ENTRY ELEMENTS (KOHA)
Koha item type Libros
Source of classification or shelving scheme Dewey Decimal Classification
Existencias
Fecha de la última vez que lo usaron Número de ingreso o de inventario Pago total Signatura topográfica completa Código de barras Precio efectivo desde Tipo de documento Estado perdido Sistema de clasificación Estado dañado No es para préstamo Retirado Ubicación permanente Ubicación actual Fecha de adquisición
15/05/2020 13145   025.43/M BibLima24060002 15/05/2020 Libros   Dewey Decimal Classification       Biblioteca Central Lima Biblioteca Central Lima 15/05/2020